000 00980nam a22003377a 4500
001 BR7400715
003 BR-BrBNA
005 20230928084525.0
007 ta
008 230509b bl.||||| |||| 00| 0 por d
040 _aBR-BrBNA
_bpor
_cBiblioteca Nacional de Agricultura
041 _a(Por)
072 _aF30; F04; H10
_b0150
_b/G514
090 _ 0150 BR7400715
110 1 _aInstituto Rio Grandense do Arroz, Cachoeirinha (Brasil). Estacao Experimental do Arroz
_96570
245 1 _aResultados experimentais. Safra 1971-72 [Estacao Experimental do Arroz]
260 3 _aCachoeirinha, RS (Brasil):
_c[nd].
300 _a114 p.
500 _aPublished 1973?
650 _aARROZ IRRIGADO
650 _aMELHORAMENTO VEGETAL
650 _aSEMEADURA
650 _aVARIEDADE
650 _aRENDIMENTO
650 _aADUBACAO
650 _aBRUSONE
650 _aPRAGA DE PLANTA
650 _aBENEFICIAMENTO
909 _a202309
_bLucia
_c55
_dLucia Elande
942 _cBK
999 _c19523
_d19523